Не обмани себя: Повести

Bibliographische Detailangaben
1. Verfasser: Коваленко Р. М. Римма Михайловна
Weitere Verfasser: Банников Н. Н. (иллюстратор)
Zusammenfassung:Исключено из фонда НТБ ТПУ
Sprache:Russisch
Veröffentlicht: Москва, Молодая гвардия, 1989
Format: MixedMaterials Buch
KOHA link:https://koha.lib.tpu.ru/cgi-bin/koha/opac-detail.pl?biblionumber=140012

MARC

LEADER 00000nam0a2200000 4500
001 140012
005 20231031141931.0
010 |a 5235004485 
020 |a RU  |b 89-8916 
035 |a (RuTPU)RU\TPU\book\151682 
090 |a 140012 
100 |a 20080618d1989 m a0rusy5003 ca 
101 0 |a rus 
102 |a RU 
105 |a a z 000ay 
200 1 |a Не обмани себя  |e Повести  |f Р. М. Коваленко  |g худож. Н. Н. Банников 
210 |a Москва  |c Молодая гвардия  |d 1989 
215 |a 366,[2] с.  |c ил. 
333 |a Исключено из фонда НТБ ТПУ 
700 1 |a Коваленко  |b Р. М.  |g Римма Михайловна 
702 1 |a Банников  |b Н. Н.  |4 440 
801 0 |a RU  |b RuMRKP  |c 19950417  |g psbo 
801 1 |a RU  |b 63413507  |c 20080618  |g PSBO 
801 2 |a RU  |b 63413507  |c 20220602  |g PSBO 
942 |c BK